You and your health : (Record no. 7271)
[ view plain ]
| 000 -LEADER | |
|---|---|
| fixed length control field | 00645nam a22002057a 4500 |
| 003 - CONTROL NUMBER IDENTIFIER | |
| control field | OSt |
| 005 - DATE AND TIME OF LATEST TRANSACTION | |
| control field | 20260112041537.0 |
| 008 - FIXED-LENGTH DATA ELEMENTS--GENERAL INFORMATION | |
| fixed length control field | 260112b |||||||| |||| 00| 0 eng d |
| 020 ## - INTERNATIONAL STANDARD BOOK NUMBER | |
| International Standard Book Number | 0673110317 |
| 040 ## - CATALOGING SOURCE | |
| Original cataloging agency | DWCL - Main |
| Transcribing agency | OC |
| 082 ## - DEWEY DECIMAL CLASSIFICATION NUMBER | |
| Classification number | Circ. 371.7 R5 1981 |
| 100 ## - MAIN ENTRY--PERSONAL NAME | |
| Personal name | Richmond, Julius B. |
| Relator term | Author |
| 245 ## - TITLE STATEMENT | |
| Title | You and your health : |
| Remainder of title | school, home, community / |
| Statement of responsibility, etc. | Julius B. Richmond & Elenore T. Pounds |
| 260 ## - PUBLICATION, DISTRIBUTION, ETC. | |
| Place of publication, distribution, etc. | U.S.A.: |
| Name of publisher, distributor, etc. | Foresman and Company, |
| Date of publication, distribution, etc. | c1981 |
| 300 ## - PHYSICAL DESCRIPTION | |
| Extent | 216 p.: |
| Other physical details | ill.; |
| Dimensions | 21 cm. |
| 504 ## - BIBLIOGRAPHY, ETC. NOTE | |
| Bibliography, etc. note | Includes index and glossary. |
| 650 ## - SUBJECT ADDED ENTRY--TOPICAL TERM | |
| Topical term or geographic name entry element | 1. Health. |
| 700 ## - ADDED ENTRY--PERSONAL NAME | |
| Personal name | I. Pounds, Elenore T. |
| Relator term | Author |
| 942 ## - ADDED ENTRY ELEMENTS (KOHA) | |
| Source of classification or shelving scheme | Dewey Decimal Classification |
| Koha item type | Book Circulation |
| Suppress in OPAC | No |
| 952 ## - LOCATION AND ITEM INFORMATION (KOHA) | |
| -- | |
| 952 ## - LOCATION AND ITEM INFORMATION (KOHA) | |
| -- | |
| 952 ## - LOCATION AND ITEM INFORMATION (KOHA) | |
| -- | |
| 952 ## - LOCATION AND ITEM INFORMATION (KOHA) | |
| -- | |
| 952 ## - LOCATION AND ITEM INFORMATION (KOHA) | |
| -- | |
| 952 ## - LOCATION AND ITEM INFORMATION (KOHA) | |
| -- | |
| 952 ## - LOCATION AND ITEM INFORMATION (KOHA) | |
| -- | |
| 952 ## - LOCATION AND ITEM INFORMATION (KOHA) | |
| -- | |
| Withdrawn status | Lost status | Source of classification or shelving scheme | Damaged status | Not for loan | Home library | Current library | Shelving location | Date acquired | Source of acquisition | Total Checkouts | Full call number | Barcode | Date last seen | Copy number | Price effective from | Koha item type | Uniform Resource Identifier |
|---|---|---|---|---|---|---|---|---|---|---|---|---|---|---|---|---|---|
| Dewey Decimal Classification | Junior High School Library | Junior High School Library | Circulation | 09/28/2005 | Library Fund | Circ. 371.7 R5 1981 | JHS - 12627 | 01/12/2026 | c2 | 01/12/2026 | BK-CIRC | ||||||
| Dewey Decimal Classification | Junior High School Library | Junior High School Library | Circulation | 09/28/2005 | Library Fund | Circ. 371.7 R5 1981 | JHS - 12628 | 01/12/2026 | c3 | 01/12/2026 | BK-CIRC | ||||||
| Dewey Decimal Classification | Junior High School Library | Junior High School Library | Circulation | 09/28/2005 | Library Fund | Circ. 371.7 R5 1981 | JHS - 12629 | 01/12/2026 | c4 | 01/12/2026 | BK-CIRC | ||||||
| Dewey Decimal Classification | Junior High School Library | Junior High School Library | Circulation | 09/28/2005 | Library Fund | Circ. 371.7 R5 1981 | JHS - 12630 | 01/12/2026 | c5 | 01/12/2026 | BK-CIRC | ||||||
| Dewey Decimal Classification | Junior High School Library | Junior High School Library | Circulation | 09/28/2005 | Library Fund | Circ. 371.7 R5 1981 | JHS - 12631 | 01/12/2026 | c6 | 01/12/2026 | BK-CIRC | ||||||
| Dewey Decimal Classification | Junior High School Library | Junior High School Library | Circulation | 09/28/2005 | Library Fund | Circ. 371.7 R5 1981 | JHS - 12632 | 01/12/2026 | c7 | 01/12/2026 | BK-CIRC | ||||||
| Dewey Decimal Classification | Junior High School Library | Junior High School Library | Circulation | 09/28/2005 | Library Fund | Circ. 371.7 R5 1981 | JHS - 12638 | 01/12/2026 | c13 | 01/12/2026 | BK-CIRC | ||||||
| Dewey Decimal Classification | Junior High School Library | Junior High School Library | Circulation | 09/28/2005 | Library Fund | Circ. 371.7 R5 1981 | JHS - 12639 | 01/12/2026 | c14 | 01/12/2026 | BK-CIRC |